| 000 -LEADER |
| fixed length control field |
00510nam a22001337a 4500 |
| 008 - FIXED-LENGTH DATA ELEMENTS--GENERAL INFORMATION |
| fixed length control field |
180205b xxu||||| |||| 00| 0 eng d |
| 100 ## - MAIN ENTRY--AUTHOR'S NAME |
| Author's Name |
Bermejo, G. |
| 245 ## - TITLE STATEMENT |
| Title |
Couleurs et nuances, timbres de France. Periode classique, 1849-1900 |
| 260 ## - PUBLICATION, DISTRIBUTION, ETC. (IMPRINT) |
| Place of publication, distribution, etc. |
Paris |
| Name of publisher, distributor, etc. |
Brun & Fils (Bruxelles |
| Date of publication, distribution, etc. |
1992 |
| 650 ## - TOPICAL TERM (Tag) |
| Topical term or geographic name |
France | 1849-1900 | 19th Century | Classic Issues | Color Guides | Collecting -- Identification | Collecting -- Guides and Handbooks | Color |
| 700 ## - SECONDARY AUTHOR, EDITOR OR ILLUSTRATOR |
| Personal Name |
Brun, J |
| 700 ## - SECONDARY AUTHOR, EDITOR OR ILLUSTRATOR |
| Personal Name |
Calves, R. |
| 700 ## - SECONDARY AUTHOR, EDITOR OR ILLUSTRATOR |
| Personal Name |
Robineau, J. |